| 000 | 00454nam a2200157 i 4500 | ||
|---|---|---|---|
| 001 | 65187 | ||
| 003 | ES-MaACL | ||
| 005 | 20230906165321.0 | ||
| 007 | t| | ||
| 008 | 040109m19091917it ||||1| ita d | ||
| 100 | 1 |
_aFrassetto, Fabio. _952382 |
|
| 245 | 1 | 0 |
_aLezioni di antropología / _cFabio Frassetto. |
| 260 |
_aRoma : _bBernardo Lux, _c1909-17 ( _eBologna : _fMareggiani) |
||
| 300 |
_a4 v., 12 lám. : _bil. ; _c25 cm. |
||
| 852 |
_aES-MaACL _jD-104-7 |
||
| 999 |
_c65187 _d65187 |
||